00458 2200169 4500001002100000008004100021035002000062245004400082100001500126260004100141300002100182020002100203084001800224082001200242650002000254990001400274INLIS000000000000698 ind  a0010-1125000010 aTeruslah Bodoh Jangan PintarcTere Liye aLiye, Tere aDepok :bSabak Grip Nusantara,c2024 a373 hlm.c21 cm. a978-63-88822-0-5 a899.221 LIY t a899.221 aFiksi Indonesia a000001278